| 000 | 00799nam a2200229 a 4500 | ||
|---|---|---|---|
| 005 | 20220601074031.0 | ||
| 008 | 050114s1989 mx r 000 0 spa d | ||
| 020 | _a9688560154 | ||
| 035 | _aUPN01000137311 | ||
| 049 | _aCG | ||
| 050 | 4 |
_aPQ7297 C4.6 _bF7.6 1989 |
|
| 100 | 1 | _aFranco, María Estela | |
| 245 | 1 | 0 |
_aOtro modo de ser humano y libre : _bsemblanza psicoanalítica de Rosario Castellanos/ _cMaría Estela Franco. |
| 250 | _a2a ed. | ||
| 260 |
_aMéxico : _bPlaza y Valdés, _c1989. |
||
| 300 | _a188 p. | ||
| 600 | 1 | 4 |
_aCASTELLANOS, ROSARIO, _d1925-1974 - _xPSICOLOGIA _96100 |
| 600 | 1 | 4 |
_aCASTELLANOS, ROSARIO, _d1925-1974 - _xCRITICA E INTERPRETACION _96098 |
| 650 | 2 |
_aAutores mexicanos _ySiglo XX _vBiografía _94068 |
|
| 650 | 4 |
_aPSICOANALISIS Y LITERATURA _97084 |
|
| 905 | _aLibro | ||
| 999 |
_c109462 _d109462 |
||